Culture Générale - Série 2503 - Statistiques

Statistiques générales
  • Ce quiz a été pris 151 fois
  • Le résultat moyen est 3 sur 10
Statistiques - réponses
Question Réponse % Correct
Dans quel art peut-on trouver une octave ? musique
96%
Quel fruit résulte du croisement entre un mandarinier et un oranger ? clémentine
80%
Par quel nom d'oisillon désigne-t-on un jeune amoureux tourtereau
65%
Crème à base de chocolat et de crème fraîche - personne incapable et stupide, imbécile ganache
26%
Terme d'origine arabe qui désigne : marques de politesse exagérées, hypocrites, affectation de déférence (pluriel) salamalecs
23%
Qui incarnait Dana Scully dans la série X-Files entre 1993 et 2002, puis entre 2016 et 2018 ? prénom et nom - voir photo Gillian Anderson
18%
Train d'intérêt local dont l'itinéraire fait de nombreux détours tortillard
14%
Juriste, officier ministériel et auxiliaire de justice chargé de la représentation des parties auprès des cours d'appel. Cette profession a disparu en2012. avoué
7%
Tourniquet à trois branches réglant l'accès des voyageurs au quai d'une gare ou d'un métro tripode
4%
Moquerie, raillerie, mise en boîte (fam.) - 10 lettres commençant par " p " persiflage
1%
Aucun quiz correspondant
Distribution des résultats
% des personnes avec chaque résultat
Percentile par nombre de réponses
Votre historique - résultats
Vous n’avez pas pris ce quiz